00467nam a22001337a 4500003000500000005001700005008004100022040000900063100003700072245014000109260003300249300002200282630002900304ASAB20180827062832.0180509t xxu||||| |||| 00| 0 eng d cASAB aSidra Ali-sup-Dr. Saadia Andleeb aTH-MS-Cloning and Sequence Analysis of Hepatits C Virus (HCV) 3' Untranslated from Pakistani IsolatescSidra Ali-sup-Dr. Saadia Andleeb aIslamabadbASAB (NCVI)c2011 aviii, 59 Pb30 cm aVirology and Immunology